000 00366 a2200145 4500
005 20250614061629.0
020 _a978-0-12-804250-2
082 _a519.5 SIE
100 _aSIEGEL, F. A
245 _aPractical Business Statistics
250 _a7th Ed.
260 _aBoston
_bElsevier
_c2016.
300 _axiv,622p.:ill.;figures, tables
_bIndex
_c27cm
942 _2ddc
_cBKS
999 _c4018
_d4018